Non-European Best Foreign Language Film - Statistics

General Stats
  • This quiz has been taken 30 times
  • The average score is 9 of 12
Answer Stats
Year Film Title Used in Nomination Submitting Country % Correct
1951 Rashomon Japan
100%
1954 Gate of Hell Japan
100%
1955 Samurai, The Legend of Musashi Japan
100%
1955 Harp of Burma Japan
100%
2008 Departures Japan
100%
1985 The Official Story Argentina
78%
2009 The Secret in Their Eyes Argentina
78%
2000 Crouching Tiger, Hidden Dragon Taiwan
78%
2005 Tsotsi South Africa
67%
2003 The Barbarian Invasions Canada
63%
1969 Z Algeria
48%
1976 Black and White in Color Cote d'Ivoire
30%
No matching quizzes found
Score Distribution
Percent of People with Each Score
Percentile by Number Answered
Your Score History
You have not taken this quiz